Statistics for 14 highest mountains

Click here to take the quiz!

General Stats

  • This quiz has been taken 24 times
  • The average score is 6 of 14

Answer Stats

Answer% Correct
K2
95%
Mt. Everest
95%
Annapurna I
48%
Lhotse
48%
Makalu
48%
Kanchenjunga
43%
Cho Oyu
38%
Shishapangma
33%
Broad Peak
29%
Manaslu
24%
Dhaulagiri I
19%
Gasherbrum I
19%
Nanga Parbat
19%
Gasherbrum II
14%

Score Distribution

Percentile by Number Answered

Percent of People with Each Score

Your Score History

You have not taken this quiz